000 00388nam a22001457a 4500
005 20150427151359.0
008 150427b xxu||||| |||| 00| 0 eng d
040 _cPK-LaUMT
082 _aKHC 301.452971054
_bMUS-
245 _aMuslims in India
_ba miscellany
_cIrfan habib & K.A. Nizami(Edit)
260 _a[ ]
_bBook Traders
_c[N.D]
300 _a346 p.
490 _vVol. 2
942 _cBK
999 _c70487
_d70487